000 01077nam a2200217Ia 4500
001 11111
003 GE_BSU
008 181216s||||||||xx |||||||||||||| ||und||
040 _cGE_BSU
080 _a632.92
100 _aქარუმიძე,ს.ა.
245 _aსოფლის მეურნეობის მავნებლებისა და ავადმყოფობათა წინააღმდეგ ბრძოლის ქიმიური მეთოდები.
245 _cრედ:ირ.ბათიაშვილი.
260 _aთბილისი.
260 _bსაქ-ს სას-სამ. ინ-ტის გამ-ბა.
260 _c1950.
300 _a508გვ;24სმ.
300 _eცხრ; საძიებელი გვ.482.
653 _aსოფლის მეურნეობის მავნებლებისა და ავადმყოფობათა წინააღმდეგ ბრძოლის ქიმიური მეთოდები.
942 _cBK
999 _c44350
_d44350